| 000 | 00712nam a2200229Ia 4500 | ||
|---|---|---|---|
| 003 | OSt | ||
| 005 | 20250205102703.0 | ||
| 008 | 210716s2000 xx 000 0 und d | ||
| 020 | _a8175441933 | ||
| 040 | _cAIMIT LIBRARY | ||
| 041 | _aeng | ||
| 082 |
_a153.94004 _bNAGD _21 |
||
| 100 |
_aNagpal, D P. _9197694 |
||
| 245 |
_aMCA master of computer applications: _bguide to mca entrance examinations / _cBy D P Nagpal and R P Verma. |
||
| 250 | _a1st ed. | ||
| 260 |
_aNew Delhi : _bWheeler Publishing ; _c2000. |
||
| 300 |
_aviii,629p. ; _bPB _c23 cm. |
||
| 650 |
_aGeneral knowledge _9197695 |
||
| 650 |
_aMathematics _9197696 |
||
| 700 |
_aVerma R P. _9197697 |
||
| 942 |
_2ddc _cBK _e1st ed. _k153.94004 NAGD |
||
| 999 |
_c184429 _d184429 |
||